| 000 | 01182nam a22002777a 4500 | ||
|---|---|---|---|
| 999 |
_c113068 _d113068 |
||
| 003 | dpl | ||
| 005 | 20190209164345.0 | ||
| 008 | 190209b ||||| |||| 00| 0 eng d | ||
| 010 | _aB-050167 | ||
| 020 |
_c105.00 _a8126306351 |
||
| 035 | _aB-050167, B-050171 | ||
| 037 | _bCen Lib/Ret | ||
| 040 |
_aDPL _bHN _c0 |
||
| 082 |
_a821 _bचतुर्वे |
||
| 100 |
_aचतुर्वेदी, नंद _97895 |
||
| 245 |
_aउत्सव का निर्मम समय / _cनंद चतुर्वेदी |
||
| 246 |
_aUtsav ka nirmam samay / _bby Nand Chaturvedi |
||
| 260 |
_aनई दिल्ली _bभारतीय ज्ञानपीठ _c2001 |
||
| 270 |
_bनई दिल्ली _a18, इंस्टीटयुश्नल एरिया, लोधी रोड _e110003 |
||
| 300 |
_a132पृ. _c21सेमी(सजिल्द) |
||
| 650 |
_aहिंदी साहित्य _950460 |
||
| 650 |
_aहिंदी साहित्य -- कविता _950461 |
||
| 650 |
_aHindi literature _950462 |
||
| 650 |
_aHindi literature -- Poetry _950463 |
||
| 942 |
_2ddc _cHN _h821 _mचतुर्वे |
||